Change and the study of international relations : the evaded dimension

Bibliographic Details
Main Author: Buzan, Barry G. (Author)
Format: Book
Published: New York : St. Martin's Press , c1981
Subjects:

MARC

LEADER 00000cam a2200000 7i4500
001 0000007156
005 20021119093000.0
008 021119n
020 |a 0312128584 
090 0 0 |a JX1395   |b .C463 
245 0 0 |a Change and the study of international relations :   |b the evaded dimension   |c edited by Barry Buzan, R. J. Barry Jones 
260 2 |a New York :   |b St. Martin's Press ,   |c c1981 
300 |a 241 p. ; ;   |c 24 cm. 
504 |a Includes bibliographies 
650 0 |a International relations 
700 0 |a Buzan, Barry G. ,   |e author 
999 |a 1000022021   |b Book   |c OPEN SHELF (30 DAYS)   |e Gong Badak Campus